El levita y su concubina : (Registro nro. 44527)
[ vista simple ]
| 000 -LÍDER | |
|---|---|
| Campo fijo de descripción fija | 01295amm a2200313 i 4500 |
| 001 - NÚMERO DE CONTROL | |
| Campo de control | 768714001 |
| 003 - IDENTIFICADOR DEL NÚMERO DE CONTROL | |
| Campo de control | CO-MdFUSB |
| 005 - FECHA Y HORA DE LA ULTIMA TRANSACCIÓN | |
| control field | 20250731100839.0 |
| 007 - CAMPO FIJO DE DESCRIPCIÓN FIJA--INFORMACIÓN GENERAL | |
| Campo fijo de descripción fija | cr aa aaaaa |
| 008 - ELEMENTOS DE LONGITUD FIJA -- INFORMACIÓN GENERAL | |
| Campo fijo de descripción fija -- Información general | 240409s2013 ck ||||| |||| spa d |
| 040 ## - FUENTE DE CATALOGACIÓN | |
| Agencia que realiza la transcripción | CO-MdFUSB |
| 100 1# - ASIENTO PRINCIPAL--NOMBRE PERSONAL | |
| Nombre personal | Salazar Ramírez, Ángela |
| Término relacionador | autor |
| 245 13 - TÍTULO | |
| Título del Material | El levita y su concubina : |
| Parte restante del título - Subtitulo | un relato en el museo de la memoria : Jueces 19:1-30 |
| Mención de responsabilidad, etc. | / Ángela Salazar Ramírez , Yan Carlos Mora ; asesorado por Milton Acosta |
| Medio físico | [electrónico] |
| 264 ## - PRODUCTION, PUBLICATION, DISTRIBUTION, MANUFACTURE, AND COPYRIGHT NOTICE | |
| Lugar de procducción, publication, distribution, manufacture | Medellín, Colombia : |
| Nombre del productor, publicador, distribuidor y manofactura | FUSBC, |
| Fecha de producción, distribución, manufactura, o nota de copyright | [2013] |
| 300 ## - DESCRIPCIÓN FÍSICA | |
| Extensión | 64 páginas |
| 336 ## - TIPO DE CONTENIDO | |
| Fuente | rdacontent |
| Tipo de contenido | texto |
| Content type code | txt |
| 337 ## - TIPO DE MEDIO | |
| Fuente | rdamedia |
| Tipo de medio | informático |
| Código | c |
| 338 ## - TIPO DE SOPORTE | |
| Fuente | rdacarrier |
| rdacarrier | remoto |
| Código | cr |
| 502 ## - NOTA DE TESIS | |
| Nota de Tesis | Trabajo de grado<br/> |
| Tipo de estudio | Teología – |
| Nombre de la Institución del grado | Fundación Universitaria Seminario Bíblico de Colombia, |
| Año de graduación | 2012 |
| 505 ## - NOTA DE CONTENIDO | |
| Nota de contenido con formato preestablecido | Un relato en el museo de la memoria Jueces -- Las Mujeres en el libro de los Jueces -- El Antiguo Testamento denuncia -- Jueces 19 y siglo XXI |
| 535 ## - LOCALIZACIÓN DE ORIGINALES / DUPLICADOS Y NOTAS | |
| Custodian | Recurso en REPCI |
| 630 07 - ASIENTO SECUNDARIO DE MATERIA - TITULO UNIFORME | |
| Título uniforme | Biblia. |
| Nombre de parte o sección de la obra | Jueces |
| Subdivisión general | Crítica, interpretación, etc. |
| 650 17 - ASIENTO SECUNDARIO DE MATERIA - TERMINO TEMÁTICO | |
| Término temático o nombre geográfico como elemento de entrada | Violencia |
| 9 (RLIN) | 2121 |
| 650 17 - ASIENTO SECUNDARIO DE MATERIA - TERMINO TEMÁTICO | |
| Término temático o nombre geográfico como elemento de entrada | Mujeres en la Biblia |
| 9 (RLIN) | 327 |
| 700 1# - ASIENTO SECUNDARIO - NOMBRE PERSONAL | |
| Nombre personal | Mora, Yan Carlos |
| Responsabilidad | autor |
| 700 ## - ASIENTO SECUNDARIO - NOMBRE PERSONAL | |
| Nombre personal | Acosta, Milton |
| 9 (RLIN) | 93 |
| Responsabilidad | asesor |
| 856 ## - LOCALIZACIÓN Y ACCESO ELECTRÓNICOS | |
| Nombre del sitio | REPCI |
| Identificador Uniforme del Recurso | https://repositorio.repci.co/handle/123456789/743 |
| 942 ## - TIPO DE MATERIAL (KOHA) | |
| Tipo de Item KOHA | Trabajos de Grado |
| Estado de Retirado | Estado de Perdido | Forma de Clasificación | Estado de Dañado | No para Préstamo | Colección | Biblioteca FUSBC | Tomo | Biblioteca de Origen | Biblioteca Permanente | Ubicación en Estantería | Fecha de Adquisición | Total de Préstamos | Signatura Topográfica | Código de Barras | Última vez visto | Última vez Préstado | Ejemplar/Existencia | Url | Fecha de Remplazo | Tipo de Material | Nota Pública |
|---|---|---|---|---|---|---|---|---|---|---|---|---|---|---|---|---|---|---|---|---|---|
| Dewey Decimal Classification | Trabajos de grado | BIBLIA | Biblioteca FUSBC | Biblioteca FUSBC | Recurso en linea | 28/11/2013 | 1 | T CD0040 | 18013 | 12/12/2019 | 09/02/2018 | 1 | https://repositorio.repci.co/handle/123456789/743 | 26/01/2016 | Trabajos de Grado | RECURSO EN REPCI- Seguir el link de acceso |
